| 000 | 00791cab a2200241 4500 | ||
|---|---|---|---|
| 001 | WB2814-15 | ||
| 008 | 090401t1992 xxu||||| |||| 00| 0 eng d | ||
| 035 | _a(Sirsi) u68945 | ||
| 041 | _aeng | ||
| 245 | _aSpitalfields development | ||
| 260 | _c1992 | ||
| 350 | _a0 | ||
| 490 |
_aFinancial Times _v28 March 1992, 6 |
||
| 490 |
_aTimes _v28 March 1992, 2; 3 April 1992(1) |
||
| 520 | _aPlans for the development of Spitalfields market have been approved by the local councils and await the SoS`s approval. The Spitalfields Trust opposes the destruction of historic buildings on the site. | ||
| 650 | _aLONDON | ||
| 650 | _aSPITALFIELDS MARKET | ||
| 650 | _aSPITALFIELDS TRUST | ||
| 690 | _aCON | ||
| 690 | _aPROPERTY-PROPERTY DEVELOPMENT | ||
| 942 | _n0 | ||
| 948 | _c04/03/1997 | ||
| 999 |
_c43289 _d43289 |
||